Partidos Políticos Brasileiros (2026) - Statistics

Estatísticas Gerais
  • Esse quiz foi jogado 36 vezes
  • A pontuação média é 20 de 30
Estatísticas das Respostas
Sigla Nome % Correto
10 Republicanos Republicanos
100%
13 PT Partido dos Trabalhadores
97%
23 Cidadania Cidadania
94%
21 PCB Partido Comunista Brasileiro
90%
65 PCdoB Partido Comunista do Brasil
90%
22 PL Partido Liberal
90%
36 Agir Agir
84%
70 Avante Avante
84%
20 PODE Podemos
84%
43 PV Partido Verde
81%
77 Solidariedade Solidariedade
81%
30 NOVO Partido Novo
77%
40 PSB Partido Socialista Brasileiro
77%
44 UNIÃO União Brasil
71%
27 DC Democracia Cristã
68%
15 MDB Movimento Democrático Brasileiro
68%
29 PCO Partido da Causa Operária
65%
11 PP Progressistas
65%
35 O Democrata O Democrata
61%
14 MISSÃO Partido Missão
61%
18 REDE Rede Sustentabilidade
55%
12 PDT Partido Democrático Trabalhista
52%
50 PSOL Partido Socialismo e Liberdade
52%
80 UP Unidade Popular
52%
55 PSD Partido Social Democrático
48%
45 PSDB Partido da Social Democracia Brasileira
45%
33 MOBILIZA Mobilização Nacional
39%
25 PRD Partido Renovação Democrática
39%
16 PSTU Partido Socialista dos Trabalhadores Unificado
35%
28 PRTB Partido Renovador Trabalhista Brasileiro
32%
Nenhum quiz correspondente encontrado
Distribuição das Pontuações
Porcentagem de Pessoas com Cada Pontuação
Percentil de Números Respondidos
Sua Pontuação Histórica
Você não jogou esse quiz